<?xml version="1.0" encoding="UTF-8"?>
<collection xmlns="http://www.loc.gov/MARC21/slim">
 <record>
  <leader>04434cas a2200865 c 4500</leader>
  <controlfield tag="001">33678273X</controlfield>
  <controlfield tag="003">DE-627</controlfield>
  <controlfield tag="005">20251108172929.0</controlfield>
  <controlfield tag="007">cr |||||||||||</controlfield>
  <controlfield tag="008">011122c20019999gw z| p|o     0   |0ger c</controlfield>
  <datafield tag="016" ind1="7" ind2=" ">
   <subfield code="a">022815740</subfield>
   <subfield code="2">DE-101</subfield>
  </datafield>
  <datafield tag="016" ind1="7" ind2=" ">
   <subfield code="a">2062440-2</subfield>
   <subfield code="2">DE-600</subfield>
  </datafield>
  <datafield tag="022" ind1=" " ind2=" ">
   <subfield code="a">1618-6168</subfield>
  </datafield>
  <datafield tag="035" ind1=" " ind2=" ">
   <subfield code="a">(DE-627)33678273X</subfield>
  </datafield>
  <datafield tag="035" ind1=" " ind2=" ">
   <subfield code="a">(DE-576)117978736</subfield>
  </datafield>
  <datafield tag="035" ind1=" " ind2=" ">
   <subfield code="a">(DE-599)ZDB2062440-2</subfield>
  </datafield>
  <datafield tag="035" ind1=" " ind2=" ">
   <subfield code="a">(OCoLC)314623960</subfield>
  </datafield>
  <datafield tag="035" ind1=" " ind2=" ">
   <subfield code="a">(DE-615)00898311</subfield>
  </datafield>
  <datafield tag="040" ind1=" " ind2=" ">
   <subfield code="a">DE-627</subfield>
   <subfield code="b">ger</subfield>
   <subfield code="c">DE-627</subfield>
   <subfield code="e">rakwb</subfield>
  </datafield>
  <datafield tag="041" ind1=" " ind2=" ">
   <subfield code="a">ger</subfield>
  </datafield>
  <datafield tag="044" ind1=" " ind2=" ">
   <subfield code="c">XA-DE</subfield>
  </datafield>
  <datafield tag="082" ind1="0" ind2="4">
   <subfield code="a">900</subfield>
   <subfield code="a">700</subfield>
   <subfield code="q">DE-600</subfield>
  </datafield>
  <datafield tag="084" ind1=" " ind2=" ">
   <subfield code="a">9,10</subfield>
   <subfield code="2">ssgn</subfield>
  </datafield>
  <datafield tag="084" ind1=" " ind2=" ">
   <subfield code="a">15.00</subfield>
   <subfield code="2">bkl</subfield>
  </datafield>
  <datafield tag="222" ind1=" " ind2="0">
   <subfield code="a">Sehepunkte</subfield>
  </datafield>
  <datafield tag="245" ind1="0" ind2="0">
   <subfield code="a">Sehepunkte</subfield>
   <subfield code="b">Rezensionsjournal für die Geschichtswissenschaften</subfield>
   <subfield code="c">Ludwig-Maximilians-Universität, Historisches Seminar, Abteilung Frühe Neuzeit</subfield>
  </datafield>
  <datafield tag="264" ind1="3" ind2="1">
   <subfield code="a">München</subfield>
   <subfield code="b">Ludwig-Maximilians-Univ.</subfield>
   <subfield code="c">2001-</subfield>
  </datafield>
  <datafield tag="264" ind1="3" ind2="1">
   <subfield code="a">München</subfield>
   <subfield code="b">Bayerische Staatsbibliothek</subfield>
   <subfield code="c">2001-</subfield>
  </datafield>
  <datafield tag="300" ind1=" " ind2=" ">
   <subfield code="a">Online-Ressource</subfield>
  </datafield>
  <datafield tag="336" ind1=" " ind2=" ">
   <subfield code="a">Text</subfield>
   <subfield code="b">txt</subfield>
   <subfield code="2">rdacontent</subfield>
  </datafield>
  <datafield tag="337" ind1=" " ind2=" ">
   <subfield code="a">Computermedien</subfield>
   <subfield code="b">c</subfield>
   <subfield code="2">rdamedia</subfield>
  </datafield>
  <datafield tag="338" ind1=" " ind2=" ">
   <subfield code="a">Online-Ressource</subfield>
   <subfield code="b">cr</subfield>
   <subfield code="2">rdacarrier</subfield>
  </datafield>
  <datafield tag="362" ind1="0" ind2=" ">
   <subfield code="a">1.2001 -</subfield>
  </datafield>
  <datafield tag="363" ind1="0" ind2="1">
   <subfield code="a">1</subfield>
   <subfield code="i">2001</subfield>
  </datafield>
  <datafield tag="500" ind1=" " ind2=" ">
   <subfield code="a">Gesehen am 24.09.14</subfield>
  </datafield>
  <datafield tag="520" ind1=" " ind2=" ">
   <subfield code="a">[Dt.:] Sehepunkte ist ein epochenübergreifendes und interdisziplinär angelegtes Rezensionjournal für die Geschichtswissenschaften. Der kunsthistorische Teil der sehepunkte wird auf arthistoricum.net als KUNSTFORM publiziert. Die Rezensionen der aktuellen Ausgabe werden in verschiedene Kategorien unterteilt, wie z.b. Theorie / Methode / Didaktik, Altertum, Mittelalter, Frühe Neuzeit, 19.Jahrhundert, Zeitgeschichte, Kunstgeschichte etc. - [Engl.:] Sehepunkte is a interdisziplinary review journal for reviews in the field of historical sciences. The arthistorical reviews in Sehepunkte are published online in KUNSTFORM on the website arthistoricum.net. The reviews fall under categories such as e.g. history of art, art theory, medieval ages, 19th century etc.</subfield>
  </datafield>
  <datafield tag="655" ind1=" " ind2="7">
   <subfield code="a">Zeitschrift</subfield>
   <subfield code="0">(DE-588)4067488-5</subfield>
   <subfield code="0">(DE-627)10454466X</subfield>
   <subfield code="0">(DE-576)20917000X</subfield>
   <subfield code="2">gnd-content</subfield>
  </datafield>
  <datafield tag="689" ind1="0" ind2="0">
   <subfield code="d">s</subfield>
   <subfield code="0">(DE-588)4190605-6</subfield>
   <subfield code="0">(DE-627)104160527</subfield>
   <subfield code="0">(DE-576)21006790X</subfield>
   <subfield code="a">Zeitgeschichte</subfield>
   <subfield code="g">Fach</subfield>
   <subfield code="2">gnd</subfield>
  </datafield>
  <datafield tag="689" ind1="0" ind2="1">
   <subfield code="d">s</subfield>
   <subfield code="0">(DE-588)4049712-4</subfield>
   <subfield code="0">(DE-627)106186019</subfield>
   <subfield code="0">(DE-576)209083166</subfield>
   <subfield code="a">Rezension</subfield>
   <subfield code="2">gnd</subfield>
  </datafield>
  <datafield tag="689" ind1="0" ind2="2">
   <subfield code="d">s</subfield>
   <subfield code="0">(DE-588)4067488-5</subfield>
   <subfield code="0">(DE-627)10454466X</subfield>
   <subfield code="0">(DE-576)20917000X</subfield>
   <subfield code="a">Zeitschrift</subfield>
   <subfield code="2">gnd</subfield>
  </datafield>
  <datafield tag="689" ind1="0" ind2="3">
   <subfield code="d">s</subfield>
   <subfield code="0">(DE-588)4511937-5</subfield>
   <subfield code="0">(DE-627)248012134</subfield>
   <subfield code="0">(DE-576)213199033</subfield>
   <subfield code="a">Online-Ressource</subfield>
   <subfield code="2">gnd</subfield>
  </datafield>
  <datafield tag="689" ind1="0" ind2=" ">
   <subfield code="5">DE-101</subfield>
  </datafield>
  <datafield tag="689" ind1="1" ind2="0">
   <subfield code="d">s</subfield>
   <subfield code="0">(DE-588)4049712-4</subfield>
   <subfield code="0">(DE-627)106186019</subfield>
   <subfield code="0">(DE-576)209083166</subfield>
   <subfield code="a">Rezension</subfield>
   <subfield code="2">gnd</subfield>
  </datafield>
  <datafield tag="689" ind1="1" ind2=" ">
   <subfield code="5">DE-101</subfield>
  </datafield>
  <datafield tag="689" ind1="2" ind2="0">
   <subfield code="d">s</subfield>
   <subfield code="0">(DE-588)4020535-6</subfield>
   <subfield code="0">(DE-627)106317679</subfield>
   <subfield code="0">(DE-576)208933794</subfield>
   <subfield code="a">Geschichtswissenschaft</subfield>
   <subfield code="2">gnd</subfield>
  </datafield>
  <datafield tag="689" ind1="2" ind2=" ">
   <subfield code="5">DE-101</subfield>
  </datafield>
  <datafield tag="689" ind1="3" ind2="0">
   <subfield code="d">s</subfield>
   <subfield code="0">(DE-588)4449808-1</subfield>
   <subfield code="0">(DE-627)226987299</subfield>
   <subfield code="0">(DE-576)212185314</subfield>
   <subfield code="a">Interdisziplinarität</subfield>
   <subfield code="2">gnd</subfield>
  </datafield>
  <datafield tag="689" ind1="3" ind2=" ">
   <subfield code="5">DE-101</subfield>
  </datafield>
  <datafield tag="689" ind1="4" ind2="0">
   <subfield code="d">s</subfield>
   <subfield code="0">(DE-588)4138803-3</subfield>
   <subfield code="0">(DE-627)105639966</subfield>
   <subfield code="0">(DE-576)209689137</subfield>
   <subfield code="a">Kunstgeschichte</subfield>
   <subfield code="g">Fach</subfield>
   <subfield code="2">gnd</subfield>
  </datafield>
  <datafield tag="689" ind1="4" ind2=" ">
   <subfield code="5">DE-101</subfield>
  </datafield>
  <datafield tag="710" ind1="2" ind2=" ">
   <subfield code="a">Herder-Institut für Historische Ostmitteleuropaforschung - Institut der Leibniz-Gemeinschaft</subfield>
   <subfield code="e">Herausgebendes Organ</subfield>
   <subfield code="0">(DE-588)3024025-6</subfield>
   <subfield code="0">(DE-627)180784951</subfield>
   <subfield code="0">(DE-576)195058682</subfield>
   <subfield code="4">isb</subfield>
  </datafield>
  <datafield tag="710" ind1="2" ind2=" ">
   <subfield code="a">Institut für Zeitgeschichte München-Berlin</subfield>
   <subfield code="e">Herausgebendes Organ</subfield>
   <subfield code="0">(DE-588)2014524-X</subfield>
   <subfield code="0">(DE-627)101834179</subfield>
   <subfield code="0">(DE-576)191687529</subfield>
   <subfield code="4">isb</subfield>
  </datafield>
  <datafield tag="780" ind1="0" ind2="0">
   <subfield code="i">Darin aufgeg</subfield>
   <subfield code="t">Perform</subfield>
   <subfield code="d">München : Ludwig-Maximilians-Univ., 2000</subfield>
   <subfield code="h">Online-Ressource</subfield>
   <subfield code="w">(DE-627)558043917</subfield>
   <subfield code="w">(DE-600)2407321-0</subfield>
   <subfield code="w">(DE-576)281369747</subfield>
   <subfield code="x">1617-9927</subfield>
  </datafield>
  <datafield tag="856" ind1="4" ind2="0">
   <subfield code="u">https://ezb.ur.de/?2062440-2</subfield>
   <subfield code="x">Frontdoor-Url</subfield>
   <subfield code="7">1</subfield>
  </datafield>
  <datafield tag="856" ind1="4" ind2="0">
   <subfield code="u">http://www.sehepunkte.de/</subfield>
   <subfield code="x">Verlag</subfield>
   <subfield code="z">kostenfrei</subfield>
   <subfield code="7">0</subfield>
  </datafield>
  <datafield tag="889" ind1=" " ind2=" ">
   <subfield code="w">(DE-576)437605493</subfield>
  </datafield>
  <datafield tag="889" ind1=" " ind2=" ">
   <subfield code="w">(DE-627)786942770</subfield>
  </datafield>
  <datafield tag="935" ind1=" " ind2=" ">
   <subfield code="a">SAXB</subfield>
   <subfield code="a">mteo</subfield>
   <subfield code="a">FRST</subfield>
   <subfield code="a">StGB</subfield>
  </datafield>
  <datafield tag="936" ind1="b" ind2="k">
   <subfield code="a">15.00</subfield>
   <subfield code="j">Geschichte: Allgemeines</subfield>
   <subfield code="0">(DE-627)106415344</subfield>
  </datafield>
  <datafield tag="938" ind1="1" ind2="0">
   <subfield code="0">(DE-627)1756187096</subfield>
   <subfield code="0">(DE-615)6607193</subfield>
   <subfield code="a">Rezension</subfield>
   <subfield code="2">fivt</subfield>
  </datafield>
  <datafield tag="938" ind1="1" ind2="0">
   <subfield code="0">(DE-627)1756196389</subfield>
   <subfield code="0">(DE-615)6602146</subfield>
   <subfield code="a">Zeitschrift</subfield>
   <subfield code="2">fivt</subfield>
  </datafield>
  <datafield tag="938" ind1="1" ind2="0">
   <subfield code="0">(DE-627)1756147361</subfield>
   <subfield code="0">(DE-615)6603487</subfield>
   <subfield code="a">Geschichtswissenschaft</subfield>
   <subfield code="2">fivt</subfield>
  </datafield>
  <datafield tag="951" ind1=" " ind2=" ">
   <subfield code="a">JT</subfield>
  </datafield>
  <datafield tag="994" ind1=" " ind2=" ">
   <subfield code="u">https://ezb.ur.de/?2062440-2</subfield>
  </datafield>
  <datafield tag="994" ind1=" " ind2=" ">
   <subfield code="u">https://www.sehepunkte.de/</subfield>
  </datafield>
  <datafield tag="990" ind1=" " ind2=" ">
   <subfield code="a">Zeitgeschichte</subfield>
  </datafield>
  <datafield tag="990" ind1=" " ind2=" ">
   <subfield code="a">Rezension</subfield>
  </datafield>
  <datafield tag="990" ind1=" " ind2=" ">
   <subfield code="a">Zeitschrift</subfield>
  </datafield>
  <datafield tag="990" ind1=" " ind2=" ">
   <subfield code="a">Online-Ressource</subfield>
  </datafield>
  <datafield tag="990" ind1=" " ind2=" ">
   <subfield code="a">Rezension</subfield>
  </datafield>
  <datafield tag="990" ind1=" " ind2=" ">
   <subfield code="a">Geschichtswissenschaft</subfield>
  </datafield>
  <datafield tag="990" ind1=" " ind2=" ">
   <subfield code="a">Interdisziplinarität</subfield>
  </datafield>
  <datafield tag="990" ind1=" " ind2=" ">
   <subfield code="a">Kunstgeschichte</subfield>
  </datafield>
  <datafield tag="991" ind1=" " ind2=" ">
   <subfield code="a">Rezensiertes Werk</subfield>
  </datafield>
  <datafield tag="999" ind1=" " ind2=" ">
   <subfield code="a">KXP-PPN33678273X</subfield>
   <subfield code="e">4964324281</subfield>
  </datafield>
 </record>
</collection>
